WWE WrestleMania 33 Match Card - Statistics

General Stats
  • This quiz has been taken 25 times
  • The average score is 47 of 71
Answer Stats
Match type Wrestler % Correct
No Holds Barred The Undertaker
95%
No Holds Barred Roman Reigns
90%
Unsanctioned Triple H
90%
Singles AJ Styles
85%
André the Giant Memorial Battle Royal Braun Strowman
85%
Singles Bray Wyatt
85%
Fatal four-way tag team ladder Jeff Hardy
85%
Fatal four-way tag team ladder Matt Hardy
85%
Singles Randy Orton
85%
Unsanctioned Seth Rollins
85%
Fatal four-way elimination Bayley
80%
Six-pack challenge Carmella
80%
Fatal four-way tag team ladder Cesaro
80%
Mixed tag team John Cena
80%
Singles Kevin Owens
80%
Six-pack challenge Naomi
80%
Six-pack challenge Natalya
80%
Fatal four-way elimination Nia Jax
80%
André the Giant Memorial Battle Royal Sami Zayn
80%
Fatal four-way elimination Sasha Banks
80%
Singles Shane McMahon
80%
Fatal four-way tag team ladder Sheamus
80%
Mixed tag team The Miz
80%
Six-pack challenge Alexa Bliss
75%
Six-pack challenge Becky Lynch
75%
Fatal four-way tag team ladder Big Cass
75%
André the Giant Memorial Battle Royal Big Show
75%
Singles Brock Lesnar
75%
Fatal four-way elimination Charlotte Flair
75%
André the Giant Memorial Battle Royal Dolph Ziggler
75%
Fatal four-way tag team ladder Enzo Amore
75%
Singles Goldberg
75%
André the Giant Memorial Battle Royal Jinder Mahal
75%
Fatal four-way tag team ladder Karl Anderson
75%
Fatal four-way tag team ladder Luke Gallows
75%
Mixed tag team Maryse
75%
Mixed tag team Nikki Bella
75%
Singles Baron Corbin
70%
Singles Chris Jericho
70%
André the Giant Memorial Battle Royal Jey Uso
70%
André the Giant Memorial Battle Royal Jimmy Uso
70%
André the Giant Memorial Battle Royal Mojo Rawley
70%
Singles Dean Ambrose
65%
André the Giant Memorial Battle Royal Luke Harper
65%
Six-pack challenge Mickie James
65%
André the Giant Memorial Battle Royal Kalisto
60%
André the Giant Memorial Battle Royal Sin Cara
60%
André the Giant Memorial Battle Royal Viktor
60%
André the Giant Memorial Battle Royal Apollo Crews
55%
André the Giant Memorial Battle Royal Bo Dallas
55%
André the Giant Memorial Battle Royal Chad Gable
55%
André the Giant Memorial Battle Royal Jason Jordan
55%
André the Giant Memorial Battle Royal Konnor
55%
Singles Neville
55%
Singles Austin Aries
50%
André the Giant Memorial Battle Royal Curt Hawkins
50%
André the Giant Memorial Battle Royal Curtis Axel
50%
André the Giant Memorial Battle Royal Goldust
50%
André the Giant Memorial Battle Royal Heath Slater
50%
André the Giant Memorial Battle Royal Titus O'Neil
50%
André the Giant Memorial Battle Royal Fandango
45%
André the Giant Memorial Battle Royal Mark Henry
45%
André the Giant Memorial Battle Royal Tyler Breeze
45%
André the Giant Memorial Battle Royal Aiden English
40%
André the Giant Memorial Battle Royal Epico
40%
André the Giant Memorial Battle Royal Primo
40%
André the Giant Memorial Battle Royal Rhyno
40%
André the Giant Memorial Battle Royal R-Truth
40%
André the Giant Memorial Battle Royal Simon Gotch
35%
André the Giant Memorial Battle Royal Killian Dain
30%
André the Giant Memorial Battle Royal Tian Bing
30%
No matching quizzes found
Score Distribution
Percent of People with Each Score
Percentile by Number Answered
Your Score History
You have not taken this quiz